000 00409nam a2200169Ia 4500
999 _c1416
_d1416
003 OSt
005 20190914123030.0
008 190723s9999 xx 000 0 und d
020 _a978-0072478655
040 _cmaju
100 _aMeigs Williams Haka
245 0 _aAccounting the Basis for Decissions
250 _a11th
260 _aNew Delhi
_bMcGraw Hill
_c2013
300 _a1102.:P
942 _cBK
_2ddc